| 000 | 02042cam a2200349 a 4500 | ||
|---|---|---|---|
| 005 | 20060815203120.0 | ||
| 008 | 030812s2003 ii a b 001 0 eng | ||
| 010 | _aENG-95320 B-430912-915 | ||
| 020 |
_a9788132102359 _c495.00 |
||
| 035 | _aEN-78853 B-430912-915 | ||
| 037 | _bDBAD/PUB | ||
| 037 | _bAllied Pub/Ven | ||
| 040 | _aDPL | ||
| 082 |
_a302.23/0954 _222 |
||
| 100 |
_aKohli, Vanita. _928327 |
||
| 245 |
_aThe Indian media business / _cby Vanita Kohli and Sreekant Khandekar |
||
| 250 | _a3rd ed. | ||
| 260 |
_aNew Delhi ; _bSage, _cc2003. |
||
| 270 |
_aBI/I-I Mohan Cooperative Industrial Area, Mathura Road _bNew Delhi _e110044 |
||
| 300 |
_axiv, 258 p. : _bill. ; _c23 cm. |
||
| 500 | _aIncludes bibliographical references (p. [240]-244) and index. | ||
| 505 | _a1. Press -- 2. Television -- 3. Films -- 4. Music -- 5. Radio. | ||
| 650 |
_aMass media _zIndia. _928328 |
||
| 700 |
_aKhandekar, Sreekant _928329 |
||
| 942 |
_2ddc _cEN _h302.23/0954 _mKOH |
||
| 999 |
_c35401 _d35401 |
||